000
003250000a22001450004500
020
_a
970-718-304-7
082
0
4
_a
B Ei68r
110
1
_a
Baby Einstein
245
1
0
_a
Las rimas de Bard / Susana del moral
300
_a
[ 14 P. ]
500
_a
Texto con solapas
650
1
4
_a
Literatura Infantil
001
1232
942
_c
LGB
999
_c
48403
_d
48403